000 01622nam a2200409 a 4500
001 ebr10312557
003 CaPaEBR
006 m u
007 cr cn|||||||||
008 070810s2008 njua sb 001 0 eng
010 _z 2007033548
015 _aGBA859197
_2bnb
016 7 _z014595940
_2Uk
020 _z9780691135168 (alk. paper)
020 _z0691135169 (alk. paper)
040 _aCaPaEBR
_cCaPaEBR
035 _a(OCoLC)432429102
050 1 4 _aPR878.M38
_bP58 2008eb
082 0 4 _a823/.8093553
_222
100 1 _aPlotz, John,
_d1967-
245 1 0 _aPortable property
_h[electronic resource] :
_bVictorian culture on the move /
_cJohn Plotz.
260 _aPrinceton :
_bPrinceton University Press,
_cc2008.
300 _axvii, 268 p. :
_bill.
504 _aIncludes bibliographical references (p. [235]-255) and index.
533 _aElectronic reproduction.
_bPalo Alto, Calif. :
_cebrary,
_d2013.
_nAvailable via World Wide Web.
_nAccess may be limited to ebrary affiliated libraries.
650 0 _aEnglish fiction
_y19th century
_xHistory and criticism.
650 0 _aMaterial culture in literature.
650 0 _aProperty in literature.
650 0 _aPersonal belongings in literature.
650 0 _aSentimentalism in literature.
650 0 _aNational characteristics, British, in literature.
650 0 _aExpatriation in literature.
650 0 _aBritish
_zForeign countries.
655 7 _aElectronic books.
_2local
710 2 _aebrary, Inc.
856 4 0 _uhttp://site.ebrary.com/lib/rucke/Doc?id=10312557
_zAn electronic book accessible through the World Wide Web; click to view
999 _c63309
_d63309